| 000 | 00468cam a2200145ua 4500 | ||
|---|---|---|---|
| 003 | OSt | ||
| 005 | 20260213112927.0 | ||
| 008 | 260213b |||||||| |||| 00| 0 eng d | ||
| 041 | _aeng | ||
| 082 |
_a028.7463 _bCEN/WO |
||
| 245 | _aWorkshop integrated development of irrigated and dryland agriculture in Maharashtra:21-22 december 1995 Aurangabad : Proceedings / | ||
| 260 |
_a : _bcentral board of irrigation and power , _c1995. |
||
| 300 | _a260 ; . | ||
| 942 | _cBK | ||
| 999 |
_c10678 _d10678 |
||